[Event "IECC CL6-2011.09 email"]
[Site "IECC email"]
[Date "2011.07.13"]
[Round "?"]
[White "D'Aragona, Vittoria"]
[Black "Dale, Michael L"]
[Result "1-0"]
[WhiteElo "1351"]
[BlackElo "1261"]
[PlyCount "33"]
[EventDate "2011.??.??"]
[EventType "tourn (corr)"]
[EventRounds "4"]
[SourceTitle "Corr 2020"]
[Source "ChessBase"]
[SourceDate "2019.09.30"]
[SourceVersion "1"]
[SourceVersionDate "2019.09.30"]
[SourceQuality "1"]
[WhiteTeam "Italy"]
[BlackTeam "United States"]
[WhiteTeamCountry "ITA"]
[BlackTeamCountry "USA"]

1. e4 c5 2. c3 d5 3. exd5 Qxd5 4. d4 Nc6 5. Nf3 Bg4 6. Be2 cxd4 7. cxd4 e6 8. 0-0 Nf6 9. h3 Bh5 10. Nc3 Qa5 11. Bd2 Qb6 12. Rb1 Bxf3 13. Bxf3 Qxd4 14. Nb5 Qb6 15. Qa4 a6 16. Nd4 Rc8 17. Ba5 1-0

[Event "IECC CL6-2011.08 email"]
[Site "IECC email"]
[Date "2011.06.24"]
[Round "?"]
[White "Dale, Michael L"]
[Black "D'Aragona, Vittoria"]
[Result "1-0"]
[WhiteElo "1278"]
[BlackElo "1438"]
[PlyCount "47"]
[EventDate "2011.??.??"]
[EventType "tourn (corr)"]
[EventRounds "4"]
[SourceTitle "Telechess CBM 149"]
[Source "ChessBase"]
[SourceDate "2012.07.17"]
[SourceVersion "1"]
[SourceVersionDate "2012.07.17"]
[SourceQuality "1"]
[WhiteTeam "US of America"]
[BlackTeam "Italy"]
[WhiteTeamCountry "USA"]
[BlackTeamCountry "ITA"]

1. d4 Nf6 2. c4 c5 3. d5 b5 4. cxb5 a6 5. bxa6 Bxa6 6. Nc3 d6 7. Nf3 g6 8. e4 Bxf1 9. Kxf1 Nbd7 10. g3 Bg7 11. Kg2 0-0 12. h3 Nb6 13. Re1 Re8 14. Qb3 e6 15. Bg5 exd5 16. exd5 Rb8 17. Rxe8+ Qxe8 18. Re1 Qd7 19. Bxf6 Bxf6 20. Nd2 Bd4 21. Nde4 f5 22. Ng5 c4 23. Qc2 Bf6 24. Qd2 1-0

[Event "IECC CL6-2011.08 email"]
[Site "IECC email"]
[Date "2011.06.24"]
[Round "?"]
[White "Hutton, Andrew D"]
[Black "Dale, Michael L"]
[Result "1-0"]
[WhiteElo "1313"]
[BlackElo "1298"]
[PlyCount "45"]
[EventDate "2011.??.??"]
[EventType "tourn (corr)"]
[EventRounds "4"]
[SourceTitle "Telechess CBM 149"]
[Source "ChessBase"]
[SourceDate "2012.07.17"]
[SourceVersion "1"]
[SourceVersionDate "2012.07.17"]
[SourceQuality "1"]
[WhiteTeam "Hong Kong"]
[BlackTeam "US of America"]
[WhiteTeamCountry "HKG"]
[BlackTeamCountry "USA"]

1. d4 Nf6 2. c4 g6 3. Nf3 Bg7 4. Nc3 d6 5. e4 0-0 6. Bd3 Bg4 7. h3 Bxf3 8. gxf3 Nc6 9. Be3 Nd7 10. Be2 e5 11. d5 Nd4 12. Qd2 f5 13. Bg5 Qe8 14. Nb5 Nxb5 15. cxb5 f4 16. Rg1 h6 17. Bh4 g5 18. Bxg5 hxg5 19. Rxg5 Qe7 20. h4 Kf7 21. Bf1 Rh8 22. Rf5+ Nf6 23. h5 1-0

[Event "IECC CL5-2007.12 email"]
[Site "IECC email"]
[Date "2007.07.31"]
[Round "?"]
[White "Dale, Michael L"]
[Black "Boyd, John Michael"]
[Result "0-1"]
[WhiteElo "1466"]
[BlackElo "1586"]
[PlyCount "30"]
[EventDate "2007.??.??"]
[EventType "tourn (corr)"]
[EventRounds "4"]
[SourceTitle "Corr 2015"]
[Source "ChessBase"]
[SourceDate "2015.07.17"]
[SourceVersion "1"]
[SourceVersionDate "2015.07.17"]
[SourceQuality "1"]
[WhiteTeam "US of America"]
[BlackTeam "Canada"]
[WhiteTeamCountry "USA"]
[BlackTeamCountry "CAN"]

1. e4 d6 2. d4 Nf6 3. Nc3 g6 4. f4 Bg7 5. Bc4 0-0 6. e5 Nfd7 7. e6 Nf6 8. exf7+ Kh8 9. Nf3 d5 10. Be2 c5 11. dxc5 Nc6 12. 0-0 Rxf7 13. Ne5 Rf8 14. Be3 d4 15. Nxc6 bxc6 0-1

[Event "IECC M1-2007.T27"]
[Site "IECC email"]
[Date "2007.07.26"]
[Round "?"]
[White "Vainio, Juhani"]
[Black "Dale, Michael L"]
[Result "1-0"]
[WhiteElo "1329"]
[BlackElo "1386"]
[PlyCount "31"]
[EventDate "2007.??.??"]
[EventType "match (corr)"]
[EventRounds "2"]
[SourceTitle "Corr 2011"]
[Source "ChessBase"]
[SourceDate "2010.08.31"]
[SourceVersion "1"]
[SourceVersionDate "2010.08.31"]
[SourceQuality "1"]
[WhiteTeam "US of America"]
[BlackTeam "South Africa"]
[WhiteTeamCountry "USA"]
[BlackTeamCountry "RSA"]

1. e4 c5 2. Nf3 d6 3. d4 cxd4 4. Nxd4 Nf6 5. Nc3 a6 6. a4 e5 7. Nf3 Be7 8. Be2 h6 9. 0-0 Be6 10. b3 0-0 11. Bb2 Nc6 12. Nd5 Nxe4 13. Qd3 Nf6 14. Nxe7+ Qxe7 15. Rfe1 Qc7 16. Qc3 1-0

[Event "IECC CL6-2007.03 email"]
[Site "IECC email"]
[Date "2007.02.23"]
[Round "?"]
[White "Dale, Michael L"]
[Black "Marques, Joao Luis Salvador"]
[Result "1-0"]
[WhiteElo "1448"]
[BlackElo "1274"]
[PlyCount "39"]
[EventDate "2007.??.??"]
[EventType "tourn (corr)"]
[EventRounds "4"]
[SourceTitle "Corr 2011"]
[Source "ChessBase"]
[SourceDate "2010.08.31"]
[SourceVersion "1"]
[SourceVersionDate "2010.08.31"]
[SourceQuality "1"]
[WhiteTeam "Italy"]
[BlackTeam "Chile"]
[WhiteTeamCountry "ITA"]
[BlackTeamCountry "CHI"]

1. e4 c5 2. Nc3 Nc6 3. g3 e6 4. Bg2 a6 5. d3 Nf6 6. h3 Be7 7. Nge2 0-0 8. 0-0 d6 9. Be3 Qc7 10. Qd2 Bd7 11. f4 Rac8 12. g4 b6 13. g5 Ne8 14. f5 exf5 15. exf5 Ne5 16. Nd5 Qd8 17. f6 gxf6 18. gxf6 Nxf6 19. Nxe7+ Qxe7 20. Bg5 1-0

[Event "IECC CL6-2006.16 email"]
[Site "IECC email"]
[Date "2006.10.31"]
[Round "?"]
[White "Ghikas, Athanassios"]
[Black "Dale, Michael L"]
[Result "0-1"]
[WhiteElo "1260"]
[BlackElo "1349"]
[PlyCount "30"]
[EventDate "2006.??.??"]
[EventType "tourn (corr)"]
[EventRounds "4"]
[SourceTitle "Corr 2020"]
[Source "ChessBase"]
[SourceDate "2019.09.30"]
[SourceVersion "1"]
[SourceVersionDate "2019.09.30"]
[SourceQuality "1"]
[WhiteTeam "Greece"]
[BlackTeam "United States"]
[WhiteTeamCountry "GRE"]
[BlackTeamCountry "USA"]

1. d4 Nf6 2. Nc3 g6 3. e4 Bg7 4. e5 Ng8 5. Bc4 Nh6 6. Qf3 0-0 7. Bxh6 Bxh6 8. Rd1 c6 9. b3 d5 10. Bd3 f6 11. exf6 Rxf6 12. Qg3 Bf4 13. Qh4 e5 14. dxe5 Bxe5 15. Nge2 Bxc3+ 0-1

[Event "IECC TH-M-2645"]
[Site "IECC email"]
[Date "2006.07.21"]
[Round "?"]
[White "Dale, Michael L"]
[Black "Von Rosenberg, Clemens"]
[Result "0-1"]
[WhiteElo "1468"]
[BlackElo "1425"]
[PlyCount "30"]
[EventDate "2006.??.??"]
[EventType "tourn (corr)"]
[SourceTitle "Corr 2020"]
[Source "ChessBase"]
[SourceDate "2019.09.30"]
[SourceVersion "1"]
[SourceVersionDate "2019.09.30"]
[SourceQuality "1"]
[WhiteTeam "United States"]
[BlackTeam "Germany"]
[WhiteTeamCountry "USA"]
[BlackTeamCountry "GER"]

1. e4 e5 2. Nf3 Nc6 3. Bc4 Bc5 4. b4 Bxb4 5. c3 Ba5 6. d4 d6 7. 0-0 Bb6 8. dxe5 dxe5 9. Qxd8+ Nxd8 10. Nxe5 Nf6 11. Bg5 Ng4 12. Nf3 Nc6 13. Nbd2 0-0 14. h3 Nge5 15. Nxe5 Nxe5 0-1

[Event "IECC TH-M-2645"]
[Site "IECC email"]
[Date "2006.07.21"]
[Round "?"]
[White "Von Rosenberg, Clemens"]
[Black "Dale, Michael L"]
[Result "1-0"]
[WhiteElo "1406"]
[BlackElo "1487"]
[PlyCount "29"]
[EventDate "2006.??.??"]
[EventType "tourn (corr)"]
[SourceTitle "Corr 2020"]
[Source "ChessBase"]
[SourceDate "2019.09.30"]
[SourceVersion "1"]
[SourceVersionDate "2019.09.30"]
[SourceQuality "1"]
[WhiteTeam "Germany"]
[BlackTeam "United States"]
[WhiteTeamCountry "GER"]
[BlackTeamCountry "USA"]

1. e4 e5 2. Nf3 Nc6 3. Bc4 Bc5 4. b4 Bxb4 5. c3 Bc5 6. 0-0 d6 7. d4 exd4 8. cxd4 Bb6 9. Nc3 Bg4 10. Bb5 Kf8 11. Bxc6 bxc6 12. Ba3 Bxf3 13. gxf3 Qh4 14. Ne2 Ne7 15. Rc1 1-0

[Event "IECG CF.2002.0.00033 email"]
[Site "IECG email"]
[Date "2002.08.24"]
[Round "?"]
[White "Gordon, Tom"]
[Black "Dale, Michael L"]
[Result "1-0"]
[WhiteElo "1000"]
[BlackElo "1183"]
[PlyCount "27"]
[EventDate "2002.08.24"]
[EventType "tourn (corr)"]
[EventRounds "6"]
[SourceTitle "Corr 2008"]
[Source "ChessBase"]
[SourceDate "2008.06.24"]
[SourceVersion "1"]
[SourceVersionDate "2008.06.24"]
[SourceQuality "1"]

1. d4 Nf6 2. e3 g6 3. Nf3 Bg7 4. Bd3 0-0 5. 0-0 d6 6. c3 Nbd7 7. Nbd2 e5 8. Re1 Re8 9. e4 a6 10. a4 d5 11. exd5 exd4 12. c4 Rxe1+ 13. Qxe1 Nc5 14. Bb1 1-0

[Event "IECG RF.2002.0.00006"]
[Site "IECG email"]
[Date "2002.08.16"]
[Round "?"]
[White "Dale, Michael L"]
[Black "Neimeir, Ross"]
[Result "0-1"]
[WhiteElo "1183"]
[BlackElo "1000"]
[PlyCount "34"]
[EventDate "2002.08.16"]
[EventType "tourn (corr)"]
[EventRounds "6"]
[SourceTitle "Corr 2008"]
[Source "ChessBase"]
[SourceDate "2008.06.24"]
[SourceVersion "1"]
[SourceVersionDate "2008.06.24"]
[SourceQuality "1"]

1. e4 e5 2. Bc4 Nf6 3. d3 Nc6 4. Nc3 Bb4 5. Bd2 Bxc3 6. Bxc3 d5 7. exd5 Nxd5 8. Qf3 Be6 9. Ne2 Qd7 10. Bb5 Bg4 11. Bxc6 bxc6 12. Qe4 Bxe2 13. Qxe2 Nxc3 14. Qxe5+ Qe6 15. Qxe6+ fxe6 16. bxc3 Rb8 17. Kd2 0-0 0-1

[Event "IECG CF.2002.0.00020 email"]
[Site "IECG email"]
[Date "2002.03.15"]
[Round "?"]
[White "Dale, Michael L"]
[Black "Ferrer Ramos, Joaquin"]
[Result "1-0"]
[WhiteElo "1183"]
[BlackElo "1041"]
[PlyCount "57"]
[EventDate "2002.03.15"]
[EventType "tourn (corr)"]
[EventRounds "6"]
[SourceTitle "Corr 2008"]
[Source "ChessBase"]
[SourceDate "2008.06.24"]
[SourceVersion "1"]
[SourceVersionDate "2008.06.24"]
[SourceQuality "1"]

1. d4 f5 2. Bg5 g6 3. Nd2 Bg7 4. e3 Nf6 5. Bd3 d6 6. Ne2 0-0 7. h4 Nh5 8. Nf4 Nxf4 9. Bxf4 h6 10. Qe2 e5 11. dxe5 dxe5 12. Bg3 Be6 13. h5 g5 14. Bc4 Qf6 15. f3 Nc6 16. Bf2 Bf7 17. c3 a6 18. e4 f4 19. Bd5 b5 20. a4 b4 21. Rd1 Rab8 22. Qxa6 bxc3 23. bxc3 Ne7 24. Qxf6 Bxf6 25. Bxf7+ Kxf7 26. Ke2 Ra8 27. Ra1 Ra6 28. Rhb1 Ke6 29. Nb3 1-0

[Event "IECG CF.2002.0.00020 email"]
[Site "IECG email"]
[Date "2002.03.15"]
[Round "?"]
[White "Dale, Michael L"]
[Black "Xyko, Kenny"]
[Result "1-0"]
[WhiteElo "1183"]
[BlackElo "800"]
[PlyCount "51"]
[EventDate "2002.03.15"]
[EventType "tourn (corr)"]
[EventRounds "6"]
[SourceTitle "Corr 2008"]
[Source "ChessBase"]
[SourceDate "2008.06.24"]
[SourceVersion "1"]
[SourceVersionDate "2008.06.24"]
[SourceQuality "1"]

1. d4 f5 2. Bg5 Nf6 3. Bxf6 exf6 4. e3 c5 5. dxc5 Bxc5 6. Nc3 Nc6 7. a3 Ne5 8. Qd5 Qb6 9. 0-0-0 Ng4 10. Nh3 Nxf2 11. Nxf2 Bxe3+ 12. Kb1 Bxf2 13. Bc4 Qe6 14. Qd3 Qc6 15. Bb5 Qxg2 16. Qe2+ Kd8 17. Rhe1 Kc7 18. Qc4+ Kd8 19. Qe6 Qc6 20. Bxc6 bxc6 21. Rxd7+ Bxd7 22. Rd1 Bd4 23. Rxd4 Kc7 24. Rxd7+ Kb6 25. Na4+ Kb5 26. Qb3+ 1-0

[Event "IECG CF.2002.0.00020 email"]
[Site "IECG email"]
[Date "2002.03.15"]
[Round "?"]
[White "Perico, Antonio"]
[Black "Dale, Michael L"]
[Result "1-0"]
[WhiteElo "953"]
[BlackElo "1183"]
[PlyCount "61"]
[EventDate "2002.03.15"]
[EventType "tourn (corr)"]
[EventRounds "6"]
[SourceTitle "Corr 2008"]
[Source "ChessBase"]
[SourceDate "2008.06.24"]
[SourceVersion "1"]
[SourceVersionDate "2008.06.24"]
[SourceQuality "1"]

1. d4 d5 2. c4 c6 3. cxd5 cxd5 4. Nc3 Nf6 5. Bf4 Nc6 6. Nf3 Ne4 7. e3 Nxc3 8. bxc3 g6 9. Ne5 Nxe5 10. Bxe5 f6 11. Bg3 Qa5 12. Qb3 Bd7 13. Bd3 Rc8 14. Rc1 b5 15. Qxd5 Rxc3 16. 0-0 a6 17. Qa8+ Kf7 18. Rxc3 Qxc3 19. Be4 Qc8 20. Qa7 b4 21. h3 e6 22. Bb7 Qc2 23. Bxa6 Qc6 24. e4 Be7 25. Bb7 Qa4 26. Qxa4 Bxa4 27. Rc1 Rd8 28. d5 exd5 29. Bxd5+ Kf8 30. Bf4 Kg7 31. Rc7 1-0